LA FILOSOFIA MORALE DI ANTONIO ROSMINI (Registro nro. 46733)
[ vista simple ]
| 000 -LEADER | |
|---|---|
| fixed length control field | 01001nam a2200193 a 4500 |
| 001 - CONTROL NUMBER | |
| control field | 46733 |
| 005 - DATE AND TIME OF LATEST TRANSACTION | |
| control field | 20180714030421.0 |
| 008 - FIXED-LENGTH DATA ELEMENTS--GENERAL INFORMATION | |
| fixed length control field | 140415s1990 it 000 0 ita d |
| 041 ## - LANGUAGE CODE | |
| Language code of text/sound track or separate title | ita |
| 082 ## - DEWEY DECIMAL CLASSIFICATION NUMBER | |
| Classification number | 170 |
| Item number | SCI |
| 100 1# - MAIN ENTRY--PERSONAL NAME | |
| Personal name | SCIACCA, MICHELE FEDERICO |
| 245 13 - TITLE STATEMENT | |
| Title | LA FILOSOFIA MORALE DI ANTONIO ROSMINI |
| 250 ## - EDITION STATEMENT | |
| Edition statement | 1a ed. |
| 260 ## - PUBLICATION, DISTRIBUTION, ETC. | |
| Place of publication, distribution, etc. | ITALIA : |
| Name of publisher, distributor, etc. | LEPOS, |
| Date of publication, distribution, etc. | 1990 |
| 300 ## - PHYSICAL DESCRIPTION | |
| Extent | |
| Dimensions | 14.3 x 1.4 x 22.6 |
| 490 ## - SERIES STATEMENT | |
| Series statement | OPERE DI MICHELE FEDERICO SCIACCA |
| 520 ## - SUMMARY, ETC. | |
| Summary, etc. | IN UN OPUSCOLO FILOSOFICO IL ROSIMI SCRIVE: <<AVVI UNA CERTA AFFETTAZIONE DI CHIAREZZA CH´IO PIUTTOSTO DIREI SUPERFICIALITÁ DELLA QUALE CHI NE VOLESSE ESEMPIO POTREBBE TROVARLA NEGLI SCRITTI DI LOCKE E VIEPPIÚ IN QUELLI DI CONDILLAC, COME PURE IN TUTTA LA LORO SCUOLA, LA QUALE TIENE UN LINGUAGGIO CHE PARE CHIARISSIMO E CHE PERMETTE DI RENDERE DOTTI CON LIEVE FATICA, MA CHE NON LASCIA FINALMENTE NELL´ANIMO CHE UNA POVERTÁ ESTREMA CON UNA INMENSA PRESUNZIONE DI SAPERE E CON UNA PURE IMME |
| 650 14 - SUBJECT ADDED ENTRY--TOPICAL TERM | |
| Topical term or geographic name entry element | ETICA |
| Withdrawn status | Lost status | Source of classification or shelving scheme | Damaged status | Not for loan | Collection code | Home library | Current library | Shelving location | Date acquired | Source of acquisition | Inventory number | Total Checkouts | Full call number | Barcode | Date last seen | Price effective from | Koha item type |
|---|---|---|---|---|---|---|---|---|---|---|---|---|---|---|---|---|---|
| Dewey Decimal Classification | General | Biblioteca Karol Wojtyla | Biblioteca Karol Wojtyla | Sala general | 03/12/2013 | Compra | 151000000000000000063262 | 170 SCI | 70096 | 05/01/2026 | 03/12/2013 | Libro |